Find the Countries - Statistics

General Stats
  • This quiz has been taken 35 times
  • The average score is 22 of 30
Answers on the Map
Answers color-coded by a green-red scale on the quiz's map according to % correct below.
 
Answer Stats
Answer % Correct
madagascar
92%
indonesia
90%
afghanistan
88%
brazil
88%
canada
86%
usa
86%
vietnam
86%
japan
85%
ireland
84%
spain
84%
argentina
83%
australia
83%
chile
82%
india
82%
russia
81%
uk
80%
bolivia
79%
saudi arabia
79%
cuba
78%
kosovo
77%
panama
77%
china
76%
drc
74%
central african republic
72%
myanmar
72%
mexico
71%
equatorial guinea
69%
east timor
67%
vatican city
59%
guinea
57%
guinea-bissau
56%
brunei
40%
gambia
38%
singapore
38%
antigua and barbuda
22%
No matching quizzes found
Score Distribution
Percent of People with Each Score
Percentile by Number Answered
Your Score History
You have not taken this quiz